Globalization and informal jobs in developing countries / (Record no. 164469)

MARC details
000 -LEADER
fixed length control field 00588nam a2200181 4500
005 - DATE AND TIME OF LATEST TRANSACTION
control field 20190521113703.0
010 ## - LCCN (DPL NO)
LC control number ENG-125244
020 ## - INTERNATIONAL STANDARD BOOK NUMBER
International Standard Book Number 9789380574097
Terms of availability 350.00
035 ## - SYSTEM CONTROL NUMBER
System control number EN-108776
037 ## - SOURCE OF ACQUISITION
Source of stock number/acquisition DBAD/PUB
082 ## - DEWEY DECIMAL CLASSIFICATION NUMBER
Classification number 331.041
100 ## - MAIN ENTRY--PERSONAL NAME
Personal name Bacchetta, Marc
245 ## - TITLE STATEMENT
Title Globalization and informal jobs in developing countries /
Statement of responsibility, etc by Marc Bacchetta
260 ## - PUBLICATION, DISTRIBUTION, ETC. (IMPRINT)
Place of publication, distribution, etc New Delhi
Name of publisher, distributor, etc Bookwell
Date of publication, distribution, etc 2010
270 ## - ADDRESS
Address 24/4800, Ansari Road, Darya Ganj
City New Delhi
Postal code 110002
Telephone number 91-11-23268786
Electronic mail address bookwell@vsnl.net
300 ## - PHYSICAL DESCRIPTION
Extent 187p.
Dimensions 24cm(pbk)
942 ## - ADDED ENTRY ELEMENTS (KOHA)
Source of classification or shelving scheme Dewey Decimal Classification
Item type English Books
Classification part 331.041
Call number suffix BAC
Holdings
Withdrawn status Lost status Not for loan Collection code Home library Current library Date acquired Source of acquisition Cost, normal purchase price Full call number Barcode Copy number Cost, replacement price Koha item type
    Not For Loan Non-fiction D.B.Act.Division Central Library 21/05/2019 DBAD/PUB 350.00 331.041 BAC EN-108776 1 350.00 English Books

© Delhi Public Library
Hit Counter
free hit counter